[Event "Valendo uma pizza..."]
[Site "http://www.queenalice.com/game.php?id=640232"]
[Date "2009.8.21"]
[Round "-"]
[White "roquefrizzo"]
[Black "ElviSmart"]
[Result "1-0"]
[WhiteElo "1549"]
[BlackElo "1375"]

1. e4 e5 2. Qh5 Qe7 3. d4 Nc6 4. Bg5 Qb4+ 5. Nd2 Nxd4 6. Rc1 Qxb2 7. Ndf3 Nxc2+
8. Kd1 Nf6 9. Bxf6 gxf6 10. Rxc2 Qa1+ 11. Rc1 Qxa2 12. Nxe5 Bb4 13. Qxf7+ Qxf7
14. Nxf7 Kxf7 15. Rxc7 Rg8 16. Bc4+ Kf8 17. g3 a5 18. Bd5 Bd6 19. Rc3 a4 20. Rf3
Be5 21. g4 Rxg4 22. Rg3 Rg5 23. Nh3 h6 24. f4 Rxg3 25. hxg3 Bc3 26. Kc2 Bd4 27.
f5 d6 28. Nf4 a3 29. Ba2 Be5 30. Rxh6 Bxf4 31. gxf4 Kg7 32. Rg6+ Kf8 33. Rxf6+
Ke7 34. Rh6 Bd7 35. Rh7+ Kd8 36. f6 Rc8+ 37. Kd2 Bc6 38. Rh8+ Kd7 39. Rxc8 Kxc8
40. f7 Bxe4 41. f8=Q+ Kc7 42. Qa8 Kc6 43. Qxa3 b5 44. Qa8+ Kc7 45. Qxe4 Kd8 46.
Bf7 Kd7 47. Qb7+ Kd8 48. f5 b4 49. f6 b3 50. Bxb3 Ke8 51. Qe7# 1-0

[Event "Valendo a coca pra comê as piza"]
[Site "http://www.queenalice.com/game.php?id=645854"]
[Date "2009.9.2"]
[Round "-"]
[White "roquefrizzo"]
[Black "ElviSmart"]
[Result "0-1"]
[WhiteElo "1558"]
[BlackElo "1361"]

1. e4 e5 2. Bc4 Nf6 3. d4 a6 4. dxe5 Nxe4 5. Qf3 Ng5 6. Bxg5 Bb4+ 7. c3 Qxg5 8.
Qxf7+ Kd8 9. Kd1 Rf8 10. Qd5 c6 11. Qd2 Be7 12. e6 Qxg2 13. Ne2 Qxh1+ 14. Kc2 d5
15. Qd4 Bxe6 16. Nf4 Bf5+ 17. Bd3 Bxd3+ 18. Nxd3 Bf6 19. Ne5 Bxe5 20. Qxe5 Qg2
21. Nd2 Nd7 22. Qe6 Qxh2 23. Re1 Kc7 24. Kb1 Rae8 25. Qxe8 Rxe8 26. Rxe8 h5 27.
Rg8 h4 28. Nf3 Qxf2 29. Nxh4 Qxh4 30. Rxg7 b5 31. Rg8 Qh7+ 32. Kc1 Qxg8 33. b4
d4 34. cxd4 Qxa2 35. Kd1 a5 36. bxa5 Qxa5 37. Kc2 b4 38. d5 Qxd5 39. Kb2 b3 40.
Kb1 Qd2 41. Ka1 b2+ 42. Ka2 b1=Q+ 43. Kxb1 Nc5 0-1

[Event "Invitation"]
[Site "http://www.queenalice.com/game.php?id=652379"]
[Date "2009.9.14"]
[Round "-"]
[White "tex"]
[Black "ElviSmart"]
[Result "0-1"]
[WhiteElo "1100"]
[BlackElo "1393"]

1. e4 e5 2. Nc3 Bb4 3. Nce2 Qf6 4. c3 Bc5 5. d4 Bb6 6. Nf3 d6 7. Bg5 Qg6 8. dxe5
Bg4 9. exd6 Bxf3 10. dxc7 Bxc7 11. gxf3 Qxg5 12. Ng1 Nd7 13. Bh3 Ngf6 14. Ne2
Rd8 15. Rg1 Qh6 16. f4 Qxh3 17. Qb3 Bb6 18. Rxg7 Rf8 19. Rg3 Qxh2 20. c4 Bxf2+
21. Kd2 Nxe4+ 22. Kc2 Nxg3 23. Rd1 Nxe2 24. Qd3 Nd4+ 25. Kc3 Nc5 26. Qd2 Ne4+
27. Kd3 Nxd2 28. Rxd2 Nf3+ 29. Ke4 Rxd2 30. Kxf3 Bg1 31. b4 Qf2+ 32. Kg4 f5+ 33.
Kg5 Qg3+ 34. Kh5 Rh2# 0-1

[Event "Foco...foco!!!"]
[Site "http://www.queenalice.com/game.php?id=653333"]
[Date "2009.9.16"]
[Round "-"]
[White "roquefrizzo"]
[Black "ElviSmart"]
[Result "0-1"]
[WhiteElo "1558"]
[BlackElo "1401"]

1. e4 e5 2. Nf3 d6 3. d4 Bg4 4. dxe5 Bxf3 5. gxf3 dxe5 6. Bb5+ c6 7. Nc3 cxb5 8.
Nxb5 Qa5+ 9. Nc3 Nd7 10. Qd5 Qxd5 11. Nxd5 Rc8 12. c3 Ngf6 13. Be3 Nxd5 14. exd5
Nf6 15. Rd1 Bd6 16. Bxa7 Ra8 17. Be3 Rxa2 18. Ke2 Rxb2+ 19. Rd2 Rxd2+ 20. Bxd2
Nxd5 21. Ra1 O-O 22. Rg1 g6 23. Bh6 Nxc3+ 24. Kd3 Rc8 25. h4 f6 26. h5 g5 27.
Ra1 Nd5 28. Ra7 Nf4+ 29. Ke4 Nxh5 30. Rxb7 Bf8 31. Bxf8 Kxf8 32. Rxh7 Nf4 33.
Kf5 Re8 34. Kxf6 Kg8 35. Rg7+ Kf8 36. Rxg5 Re6+ 37. Kf5 Kf7 38. Ke4 Kf6 39. Rf5+
Kg6 40. Rxe5 Rxe5+ 41. Kxe5 Nh3 42. f4 Nxf2 43. f5+ Kf7 0-1

[Event "Invitation"]
[Site "http://www.queenalice.com/game.php?id=657751"]
[Date "2009.9.25"]
[Round "-"]
[White "tex"]
[Black "ElviSmart"]
[Result "0-1"]
[WhiteElo "1047"]
[BlackElo "1398"]

1. e4 e5 2. d3 Bc5 3. Nf3 f6 4. c3 g5 5. g4 d6 6. d4 exd4 7. cxd4 Bb4+ 8. Bd2
Bxd2+ 9. Qxd2 Bxg4 10. Ng1 d5 11. Qe3 Be6 12. Bh3 Qd6 13. exd5 Qxd5 14. Qxe6+
Ne7 15. Qxf6 Qe4+ 16. Kf1 Rf8 17. Nd2 Qxh1 18. Nf3 Qxf3 19. Qxf3 Rxf3 20. Nxf3
h6 21. Rc1 c6 22. d5 Nxd5 23. Re1+ Ne7 24. Be6 Na6 25. Ne5 Nc7 26. Bf7+ Kf8 27.
Re3 Ncd5 28. Rf3 Nf4 29. h4 Rd8 30. Ke1 Ng2+ 31. Kf1 Nxh4 32. Be6+ Nxf3 33. Nd7+
Ke8 34. Nf6+ Kf8 35. Bg4 Nh2+ 36. Kg2 Nxg4 37. Nxg4 Nf5 38. Ne5 Nh4+ 39. Kg3 Rd1
40. b3 Ra1 41. a4 Ra3 42. Nd7+ Ke7 43. Nc5 b6 44. Ne4 Rxb3+ 45. f3 Rxf3+ 46. Kg4
Rf4+ 47. Kh5 Rxe4 48. Kxh6 Kf6 49. Kh5 Nf5 50. a5 Rh4# 0-1

[Event "Invitation"]
[Site "http://www.queenalice.com/game.php?id=662475"]
[Date "2009.10.4"]
[Round "-"]
[White "tex"]
[Black "ElviSmart"]
[Result "1-0"]
[WhiteElo "1030"]
[BlackElo "1415"]

1. e4 e5 2. Nc3 Bb4 3. Nd5 Bc5 4. Qe2 c6 5. Nc3 b6 6. Nf3 f6 7. d3 Ba6 8. Nh4
Bb4 9. Qh5+ g6 10. Nxg6 hxg6 11. Qxh8 Kf8 12. Bh6+ Ke7 13. g3 Nxh6 14. Qxh6 Qg8
15. a3 Bxc3+ 16. bxc3 d6 17. d4 exd4 18. cxd4 Bxf1 19. Rxf1 Nd7 20. O-O-O Qa2
21. Qg7+ Ke6 22. d5+ cxd5 23. exd5+ Ke5 24. Rfe1+ Kf5 25. f4 Qxa3+ 26. Kd2 Qa5+
27. Kc1 Nc5 28. h3 Ne4 29. Qd7# 1-0

[Event "Quero sangue...SAAAAAANGUE!!!"]
[Site "http://www.queenalice.com/game.php?id=663805"]
[Date "2009.10.7"]
[Round "-"]
[White "roquefrizzo"]
[Black "ElviSmart"]
[Result "1-0"]
[WhiteElo "1573"]
[BlackElo "1426"]

1. Nf3 d6 2. Nd4 c5 3. Nb5 Nc6 4. c4 e5 5. N1c3 Nge7 6. Ne4 a6 7. Nexd6+ Kd7 8.
Nxf7 Qb6 9. e4 Rg8 10. Qg4+ Ke8 11. Nbd6# 1-0

[Event "GRRRRRRRR.........(deu medo?)"]
[Site "http://www.queenalice.com/game.php?id=664403"]
[Date "2009.10.8"]
[Round "-"]
[White "roquefrizzo"]
[Black "ElviSmart"]
[Result "1/2-1/2"]
[WhiteElo "1583"]
[BlackElo "1400"]

1. Nf3 d5 2. Nd4 e5 3. Nf3 e4 4. Nd4 Nc6 5. c3 Nxd4 6. Qa4+ c6 7. Qxd4 Ne7 8. c4
a6 9. Nc3 Be6 10. cxd5 Bxd5 11. Nxe4 Bxe4 12. Qxe4 f5 13. Qe6 h5 14. d4 Qxd4 15.
Bg5 Qxb2 16. Bxe7 Qxa1+ 17. Kd2 Bxe7 18. Qg6+ Kf8 19. Qxf5+ Bf6 20. Qc5+ Kg8 21.
e4 Rd8+ 22. Ke2 Qxa2+ 23. Kf3 Qd2 24. Bc4+ Kh7 25. Qxh5+ Qh6 26. Qf5+ Qg6 27. h4
Rhf8 28. h5 Qxf5+ 29. exf5 Rd4 30. Be2 Be5 31. g3 Rxf5+ 32. Kg2 Rd2 33. Bg4
Rdxf2+ 34. Kh3 R2f3 35. Bxf3 Rxf3 36. Re1 Rxg3+ 37. Kh4 g5+ 38. hxg6+ Rxg6 39.
Rxe5 b5 40. Kh5 Rh6+ 41. Kg5 a5 42. Re7+ Kg8 43. Kxh6 Kf8 44. Rc7 Ke8 45. Rxc6
Kd7 46. Rc5 b4 47. Rxa5 Kc6 48. Kg5 Kb6 49. Ra8 1/2-1/2

[Event "Challenge"]
[Site "http://www.queenalice.com/game.php?id=664708"]
[Date "2009.10.8"]
[Round "-"]
[White "ElviSmart"]
[Black "tex"]
[Result "1-0"]
[WhiteElo "1382"]
[BlackElo "1121"]

1. e4 e5 2. Qh5 Qe7 3. b3 Nf6 4. Qe2 g6 5. Ba3 Qd8 6. Nf3 Nh5 7. Nxe5 Bg7 8. Bb2
Bxe5 9. Bxe5 f6 10. Bd4 d6 11. g4 Ng7 12. Qf3 c5 13. Bxf6 Rf8 14. g5 h6 15. Qc3
Qd7 16. Bxg7 Rf7 17. Bf6 Qc6 18. Bg2 Nd7 19. Qa5 b6 20. Qc3 hxg5 21. Bxg5 Ne5
22. d4 Bh3 23. Bxh3 Qxe4+ 24. Kd2 Qxh1 25. dxe5 Rf3 26. Qc4 Rxh3 27. Qe6+ Kf8
28. Qxh3 dxe5 29. Qh8+ Kf7 30. Qf6+ Kg8 31. Bh6 Kh7 32. Bf8 Qb7 33. Nc3 Rd8+ 34.
Qxd8 Qf7 35. Ne4 Kg8 36. Bd6+ Kg7 37. Bxe5+ Qf6 38. Bxf6+ Kh7 39. Qh8# 1-0

[Event "Challenge"]
[Site "http://www.queenalice.com/game.php?id=670471"]
[Date "2009.10.21"]
[Round "-"]
[White "ElviSmart"]
[Black "tex"]
[Result "1-0"]
[WhiteElo "1394"]
[BlackElo "1149"]

1. e4 e5 2. Nf3 Nf6 3. d3 Nh5 4. Nxe5 Bd6 5. Nf3 Qe7 6. Bg5 f6 7. Be3 f5 8. Nd4
Qh4 9. Nxf5 Qg5 10. Bxg5 h6 11. Qxh5+ g6 12. Qxg6+ Kf8 13. Qg7+ Ke8 14. Qxh8+
Kf7 15. Nxh6+ Ke6 16. Qf6# 1-0

[Event "Challenge"]
[Site "http://www.queenalice.com/game.php?id=671135"]
[Date "2009.10.23"]
[Round "-"]
[White "tex"]
[Black "ElviSmart"]
[Result "1-0"]
[WhiteElo "1129"]
[BlackElo "1400"]

1. e4 e5 2. Nc3 Bb4 3. Na4 Nf6 4. c3 Bd6 5. f4 exf4 6. Nh3 Nxe4 7. Nxf4 Bxf4 8.
Qf3 Bxd2+ 9. Bxd2 Qe7 10. c4 Ng5+ 11. Qe3 Ne6 12. Qc3 Nc5+ 13. Be2 Nxa4 14. Qxg7
Rf8 15. Bh6 d6 16. c5 Nd7 17. O-O-O Naxc5 18. Rhe1 Kd8 19. Bg4 Qh4 20. Bg5+
Qxg5+ 21. Qxg5+ f6 22. Qg7 b6 23. Re7 f5 24. Bh3 Ba6 25. g4 Be2 26. Rxe2 Kc8 27.
Bg2 Nf6 28. Qxf8+ Kd7 29. Qxa8 fxg4 30. Bc6# 1-0

[Event "Challenge"]
[Site "http://www.queenalice.com/game.php?id=673627"]
[Date "2009.10.28"]
[Round "-"]
[White "tex"]
[Black "ElviSmart"]
[Result "0-1"]
[WhiteElo "1209"]
[BlackElo "1407"]

1. d4 Nc6 2. Qd3 e5 3. dxe5 Nxe5 4. Qc3 Nc6 5. g3 Bb4 6. Bg2 Bxc3+ 7. Nxc3 Nb4
8. Be4 Nf6 9. a3 Nxe4 10. axb4 Nxc3 11. bxc3 Qf6 12. Nf3 Qxc3+ 13. Kd1 Qxa1 14.
Kd2 d6 15. Re1 Bg4 16. Ng5 Qd4# 0-1

[Event "Vê se não mata as rainhas..."]
[Site "http://www.queenalice.com/game.php?id=674094"]
[Date "2009.10.28"]
[Round "-"]
[White "roquefrizzo"]
[Black "ElviSmart"]
[Result "0-1"]
[WhiteElo "1576"]
[BlackElo "1429"]

1. Nf3 d5 2. Nc3 Nf6 3. e3 Bg4 4. h3 Bxf3 5. Qxf3 e6 6. d4 c6 7. g4 g5 8. Bd3 b5
9. h4 gxh4 10. Rxh4 Bb4 11. g5 Nfd7 12. Rxh7 Rxh7 13. Bxh7 Bxc3+ 14. bxc3 Qxg5
15. Kf1 Nf6 16. e4 Qh4 17. Bf4 Qxh7 18. Kg2 Nxe4 19. Bxb8 Rxb8 20. Qf4 Rd8 21.
Qc7 Qg7+ 22. Kf3 Nd2+ 23. Ke2 Ne4 24. Qxc6+ Rd7 25. Qxb5 Nxc3+ 26. Kd2 Nxb5 27.
Rb1 Na3 28. Rb3 Qxd4+ 29. Rd3 Qxf2+ 30. Kc3 Rb7 31. Rd4 Qxc2# 0-1

[Event "Challenge"]
[Site "http://www.queenalice.com/game.php?id=674119"]
[Date "2009.10.28"]
[Round "-"]
[White "ElviSmart"]
[Black "tex"]
[Result "1-0"]
[WhiteElo "1415"]
[BlackElo "1198"]

1. e4 e5 2. Nf3 Nc6 3. Bb5 Nd4 4. Nxd4 exd4 5. Bc4 Nf6 6. d3 Nh5 7. Qf3 Qh4 8.
Bxf7+ Ke7 9. Bxh5 g6 10. g3 Qxh5 11. g4 Qa5+ 12. Bd2 h5 13. Bxa5 hxg4 14. Qxg4
d5 15. Qg5+ Kf7 16. Qxd5+ Be6 17. Qxb7 Bd6 18. Bxc7 Rab8 19. Bxb8+ Kf6 20. Bxd6
Rh4 21. Qe7# 1-0

[Event "Challenge"]
[Site "http://www.queenalice.com/game.php?id=675271"]
[Date "2009.10.30"]
[Round "-"]
[White "ElviSmart"]
[Black "tex"]
[Result "1-0"]
[WhiteElo "1422"]
[BlackElo "1188"]

1. e4 e5 2. Nf3 Nf6 3. Nxe5 Nxe4 4. Qf3 d5 5. d3 Ng5 6. Bxg5 Qxg5 7. Nxf7 Qc1+
8. Qd1 Qxb2 9. Nd2 Bb4 10. Nxh8 Nc6 11. Rb1 Qe5+ 12. Be2 Bf5 13. c3 Bxc3 14. O-O
g6 15. Nf3 Qxh8 16. Qb3 g5 17. Nxg5 Qg8 18. Qxb7 Ke7 19. Qxc7+ Kf6 20. Qxc6+
Kxg5 21. Qxc3 Rc8 22. Qd2+ Kf6 23. Bf3 d4 24. Qf4 Qxa2 25. Bg4 Qd5 26. Qh6+ Bg6
27. Bxc8 Qa8 28. Rbc1 Ke7 29. Qh4+ Kf8 30. Qf6+ Kg8 31. Be6+ Bf7 32. Qxf7+ Kh8
33. Qf6# 1-0

[Event "Invitation"]
[Site "http://www.queenalice.com/game.php?id=681028"]
[Date "2009.11.10"]
[Round "-"]
[White "tex"]
[Black "ElviSmart"]
[Result "0-1"]
[WhiteElo "1197"]
[BlackElo "1451"]

1. e4 e5 2. Qf3 Nf6 3. Nc3 Bb4 4. Na4 a6 5. a3 b5 6. axb4 bxa4 7. Rxa4 d6 8. b5
Bg4 9. Qc3 Nxe4 10. Qc6+ Nd7 11. Rxe4 Bf5 12. Ra4 O-O 13. bxa6 Nb8 14. Qxa8 Bd7
15. Rh4 Qxh4 16. Nf3 Qa4 17. a7 Nc6 18. b3 Qa1 19. Qb7 Nxa7 20. Bd3 Qxc1+ 21.
Ke2 Qxh1 22. Qe4 g6 23. Nh4 f5 24. Qd5+ Kg7 25. Qb7 Qxh2 26. g3 Nc6 27. Qxc7 Rf7
28. Qxd6 Nd4+ 29. Ke3 f4+ 30. gxf4 Qh3+ 31. f3 Qxh4 32. fxe5 Rxf3# 0-1

[Event "Quero férias!!!!"]
[Site "http://www.queenalice.com/game.php?id=687852"]
[Date "2009.11.24"]
[Round "-"]
[White "roquefrizzo"]
[Black "ElviSmart"]
[Result "1-0"]
[WhiteElo "1554"]
[BlackElo "1462"]

1. Nc3 e5 2. e4 Nf6 3. d4 Bd6 4. Bg5 h6 5. dxe5 Bxe5 6. Bxf6 Bxc3+ 7. Bxc3 Qe7
8. Bxg7 Rg8 9. Bxh6 Qxe4+ 10. Qe2 Qe7 11. Bf4 b6 12. Bxc7 Ba6 13. Qe5 Nc6 14.
Qxe7+ Nxe7 15. Bxa6 Rc8 16. Bxc8 Nxc8 17. O-O-O Rxg2 18. Nf3 Rxf2 19. Ne5 Ne7
20. Rxd7 Ng6 21. Re1 Nxe5 22. Rd8+ Ke7 23. Rxe5+ Kf6 24. Rh5 Kg6 25. Rdd5 f5 26.
Rh3 Kg5 27. c4 Kg4 28. Rh8 f4 29. Ra8 f3 30. Rxa7 Re2 31. Bxb6 Kh3 32. Rh7+ Kg2
33. Rg5+ Kf1 34. Rg1# 1-0

[Event "Challenge"]
[Site "http://www.queenalice.com/game.php?id=688234"]
[Date "2009.11.25"]
[Round "-"]
[White "tex"]
[Black "ElviSmart"]
[Result "0-1"]
[WhiteElo "1185"]
[BlackElo "1457"]

1. e4 e5 2. Nf3 d6 3. g3 Bg4 4. Nc3 Nf6 5. d3 Bxf3 6. Qxf3 Nc6 7. Bg5 Nd4 8. Qf5
Nxc2+ 9. Kd1 Nxa1 10. Kc1 h6 11. Nd5 hxg5 12. Kb1 Nxd5 13. Kxa1 g6 14. Qf3 Ne7
15. d4 exd4 16. e5 dxe5 17. Qxb7 Bg7 18. Bb5+ Kf8 19. Bc4 Rb8 20. Qf3 Nf5 21. g4
Rb4 22. Bb3 Rxb3 23. axb3 Ne7 24. Re1 c6 25. Qg3 Qa5+ 26. Kb1 Qxe1+ 27. Ka2 a5
28. Qd3 Kg8 29. Qa6 e4 30. b4 axb4 31. Qb7 e3 32. Qxe7 exf2 33. Qd8+ Kh7 34.
Qxg5 f1=Q 35. h3 Qc4+ 36. b3 Qc2# 0-1

[Event "Revanche da Vera Tormenta"]
[Site "http://www.queenalice.com/game.php?id=708513"]
[Date "2010.1.4"]
[Round "-"]
[White "roquefrizzo"]
[Black "ElviSmart"]
[Result "0-1"]
[WhiteElo "1554"]
[BlackElo "1450"]

1. d4 d5 2. Nf3 c6 3. Bf4 Nd7 4. Qd3 Nb6 5. h3 Nf6 6. Qe3 Nc4 7. Qc3 h6 8. e3
Qa5 9. b4 Qb5 10. Bc7 Ne4 11. Qb3 e6 12. c3 Bd6 13. a4 Qa6 14. Bxd6 Nexd6 15.
Na3 b5 16. axb5 cxb5 17. Ne5 f6 18. Ng6 Rg8 19. g4 Bd7 20. h4 f5 21. g5 hxg5 22.
hxg5 Ne4 23. Be2 Nxg5 24. Bh5 Nf3+ 25. Bxf3 Kd8 26. Ne5 g5 27. Rh7 Be8 28. Rh6
Nxe5 29. dxe5 g4 30. Bxd5 Rb8 31. Rxe6 Qa4 32. Rd6+ Bd7 33. Bxg8 Kc7 34. Rxd7+
Kxd7 35. Qe6+ Kc7 36. c4 Qxb4+ 37. Ke2 Qb2+ 38. Kf1 Qxa1+ 39. Kg2 Qxa3 40. cxb5
Qc5 41. Qf7+ Kb6 42. Qg6+ Ka5 43. Bf7 Qxe5 44. Qa6+ Kb4 45. Qxa7 Rxb5 46. Qa2
Qe4+ 47. Kg3 Qf3+ 48. Kh4 Qh3+ 49. Kg5 f4+ 50. Bd5 fxe3 51. fxe3 Qxe3+ 52. Kxg4
Qd4+ 53. Kf3 Rxd5 54. Qb1+ Kc5 55. Qc1+ Kd6 56. Qf4+ Kc5 57. Qxd4+ Kxd4 0-1

[Event "Challenge"]
[Site "http://www.queenalice.com/game.php?id=743880"]
[Date "2010.3.10"]
[Round "-"]
[White "roquefrizzo"]
[Black "ElviSmart"]
[Result "1-0"]
[WhiteElo "1536"]
[BlackElo "1470"]

1. Nc3 e5 2. Nf3 Bb4 3. Nxe5 f6 4. Nc4 Bxc3 5. dxc3 b5 6. Na5 c6 7. Nxc6 Nxc6 8.
Qd5 a6 9. e3 Nge7 10. Qh5+ Ng6 11. Bd3 Ne7 12. f4 f5 13. Bxf5 d6 14. Bxg6+ Nxg6
15. Qd5 Rb8 16. Qd4 O-O 17. Qd5+ Kh8 18. O-O Ne7 19. Qd3 Bf5 20. e4 Bd7 21. Rf3
Ng6 22. Qxd6 Bg4 23. Qd4 Bxf3 24. gxf3 Nxf4 25. Qxd8 Rbxd8 26. Be3 Ne2+ 27. Kf2
Nf4 28. a4 bxa4 29. Rxa4 Ra8 30. b4 Nh3+ 31. Kg3 Nf4 32. Bxf4 a5 33. bxa5 Rac8
34. Rd4 Rxc3 35. Be5 Rxc2 36. Rd7 h6 37. Bxg7+ Kg8 38. Bxf8 Kxf8 39. a6 Ke8 40.
a7 Rc8 41. Rh7 Kd8 42. Rh8+ Kc7 43. Rxc8+ Kxc8 44. a8=Q+ Kd7 45. Qa6 h5 46. e5
Ke7 47. e6 Kf6 48. f4 Kf5 49. e7 1-0

[Event "Ó miúdo...vais morreri!!!"]
[Site "http://www.queenalice.com/game.php?id=781665"]
[Date "2010.5.27"]
[Round "-"]
[White "roquefrizzo"]
[Black "ElviSmart"]
[Result "1-0"]
[WhiteElo "1515"]
[BlackElo "1457"]

1. d4 d6 2. e4 d5 3. e5 e6 4. Nh3 h6 5. Bd3 Ne7 6. Qh5 g6 7. Qh4 Nbc6 8. Bg5 b6
9. c3 a5 10. Bb5 Bd7 11. Bf6 Rh7 12. Ng5 Nf5 13. Nxh7 Nxh4 14. Bxd8 Rxd8 15.
Nf6+ Ke7 16. O-O Bg7 17. Nxd7 Kxd7 18. Nd2 f6 19. exf6 Bxf6 20. Rae1 Kd6 21.
Bxc6 Bg5 22. Ne4+ Kxc6 23. Nxg5 hxg5 24. Rxe6+ Kb7 25. a4 g4 26. g3 Nf3+ 27. Kg2
Rh8 28. Rh1 g5 29. h3 Rxh3 30. Rxh3 Ne1+ 31. Rxe1 gxh3+ 32. Kxh3 c6 33. Re5 b5
34. Rxg5 bxa4 35. f4 Kc7 36. Re5 Kd6 37. f5 c5 38. f6 cxd4 39. cxd4 Kc6 40. f7
Kb5 41. Rxd5+ Kb4 42. f8=Q+ Kc4 43. Qc5+ Kd3 44. Qc3+ Ke2 45. Re5+ Kf1 46. Qe1#
1-0

[Event "Sem rir, sério....vai joga.!!! "]
[Site "http://www.queenalice.com/game.php?id=796883"]
[Date "2010.6.30"]
[Round "-"]
[White "roquefrizzo"]
[Black "ElviSmart"]
[Result "0-1"]
[WhiteElo "1529"]
[BlackElo "1443"]

1. d4 Nc6 2. e4 e5 3. c3 d6 4. Bc4 Qe7 5. Nf3 Bg4 6. Qb3 b6 7. Qb5 Qd7 8. Ng5 h6
9. Nxf7 a6 10. Qb3 Na5 11. Nxd6+ Bxd6 12. Qc2 Nxc4 13. Qd3 b5 14. dxe5 Nxe5 15.
Qd5 Rd8 16. Bf4 Ne7 17. Qb7 Nd3+ 18. Kd2 Nxf4 19. Kc2 Be5 20. Rd1 Bxd1+ 21. Kc1
Ne2# 0-1

[Event "La vou eu..."]
[Site "http://www.queenalice.com/game.php?id=799426"]
[Date "2010.7.6"]
[Round "-"]
[White "roquefrizzo"]
[Black "ElviSmart"]
[Result "1/2-1/2"]
[WhiteElo "1528"]
[BlackElo "1462"]

1. d4 e6 2. e4 d5 3. e5 f6 4. exf6 Nxf6 5. Bg5 h6 6. Bxf6 Qxf6 7. Qh5+ g6 8. Qe5
Nd7 9. Qxc7 Qxd4 10. c3 Qe4+ 11. Ne2 Be7 12. Nd2 Qf5 13. Nd4 Qe5+ 14. Qxe5 Nxe5
15. f4 Nc4 16. Nxc4 dxc4 17. Bxc4 Bf6 18. O-O-O Bxd4 19. Rxd4 O-O 20. Re1 a6 21.
Bxe6+ Bxe6 22. Rxe6 Kg7 23. g4 Rae8 24. Rxe8 Rxe8 25. Rd7+ Kf6 26. Rxb7 Re1+ 27.
Kc2 Re2+ 28. Kb3 Rxh2 29. Rb6+ Kg7 30. f5 gxf5 31. gxf5 Rf2 32. Rb7+ Kf6 33. Rh7
Kg5 34. c4 Rxf5 35. Kb4 h5 36. c5 Rf6 37. Rh8 h4 38. Ka5 Kg4 39. Ra8 h3 40. Rd8
h2 41. Rd1 Kg3 42. Rh1 Kg2 43. Rxh2+ Kxh2 44. b4 Kg3 45. b5 axb5 46. Kxb5 Rf5
47. a4 Kf4 48. a5 Ke4 49. Kb6 Rf6+ 50. c6 Kd5 51. a6 Rxc6+ 52. Kb7 Rxa6 53. Kxa6
Kc5 1/2-1/2